000 01006 a2200217 4500
020 _a0761998438
020 _a9780761998433
082 0 4 _a658.4013
090 _c2187
_d2187
100 1 _aSarkar, Debashis.
245 1 0 _aLessons in six sigma /
_cDebashis Sarkar.
260 _a[S.l.] :
_bSAGE Publications Pvt. Ltd,
_c2004.
300 _a244 p. ;
_c18 cm.
490 1 _aResponse books.
500 _aPaperback.
520 _aOffering an insider's perspective on Six Sigma, this book looks in depth at how this methodology can be adopted and implemented in organizations for maximum results. Written in an accessible and jargon-free style, the author highlights the `dos and don'ts' of the programme, its successes as well as its weaknesses.
830 0 _aResponse books.
856 4 0 _3Amazon.com
_uhttp://www.amazon.com/exec/obidos/ASIN/0761998438/chopaconline-20
856 4 0 _3Amazon customer reviews
_uhttp://www.chopac.org/cgi-bin/tools/azrev.pl?q=0761998438
942 _aNBS
_cBK
_k658.41013 SAR
999 _c344689
_d344689